Curso introductorio sobre protección de poblaciones migrantes en condición de vulnerabilidad: manual para el facilitador(a) /
Na minha lista:
| Autor principal: | |
|---|---|
| Formato: | Desconhecido |
| Idioma: | Spanish |
| Publicado em: |
Costa Rica:
Organización Internacional para las Migraciones
|
| Tags: |
Adicionar Tag
Sem tags, seja o primeiro a adicionar uma tag!
|
MARC
| LEADER | 00000 a2200000 04500 | ||
|---|---|---|---|
| 001 | 47718 | ||
| 003 | cruCIDCACS/IIS | ||
| 005 | 20230906150034.0 | ||
| 008 | 050704s2012 cr spa d | ||
| 020 | |a 978-9968-542-43-2 | ||
| 022 | |a 978-9968-542-43-2 | ||
| 040 | |c cruCIDCACS/IIS | ||
| 090 | |a 14.07.01 O68c T1 | ||
| 100 | |a Hidalgo, Ana Lorena, |e coordinadora | ||
| 245 | |a Curso introductorio sobre protección de poblaciones migrantes en condición de vulnerabilidad: |b manual para el facilitador(a) / |c Ana Lorena Hidalgo, coordinadora | ||
| 260 | |a Costa Rica: |b Organización Internacional para las Migraciones | ||
| 300 | |a Tomo 1, 227 páginas | ||
| 942 | |2 z |c LI |h 14.07.01 O68c T1 |i 15312 |6 140701_O68C_T1_15312 | ||
| 999 | |c 13950 |d 13950 | ||



